Cuisine Actuelle [ 411 ]
<< Retourner aux résultats de la recherche
| Titre : | Cuisine Actuelle [ 411 ] |
|---|---|
| Support : | Livres |
| Langue : | Francais |
| Publié : |
2023 Prisma Paris |
| Genre : |
Revues et magazines |
| Collection : |
Cuisine Actuelle |
| Sujets : | |
| Étiquettes : |
Pas de tags
|
| LEADER | 00879nas0a2200265 450 | ||
|---|---|---|---|
| 001 | 16864572 | ||
| 011 | |b Br. |d 2,9 | ||
| 100 | |a 20250308d2023 u u0frey01 ba | ||
| 101 | 1 | |a fre |c fre | |
| 102 | |a FR | ||
| 110 | 0 | |a afu 0uu0 | |
| 200 | 0 | |a Cuisine Actuelle [ 411 ] |f Gillet Anne | |
| 207 | 1 | |a 411 | |
| 210 | |a Paris |c Prisma |d 2023 | ||
| 215 | |a 1 vol. (86 p.) |c ill. coul. |d 28x21 cm | ||
| 225 | 1 | |a Cuisine Actuelle | |
| 464 | |a Spécial desserts sans sucre | ||
| 464 | |a Leçon filmée, cheese-cake aux deux citrons | ||
| 464 | |a Vive les cocottes du printemps | ||
| 464 | |a Les tartes, des idées simples pour toutes les envies | ||
| 464 | |a un menu complet à moins de 5 euros c'est possible | ||
| 676 | |a 070.17 | ||
| 900 | |a Revues et magazines | ||
| 901 | |a Adultes | ||
| 995 | |a Médiathèque |c Médiathèque |f 089021000 |h 089021000 |k 070.17 CUI 411 |o p |q a |r az |e Médiathèque | ||